| 000 | 00516nam a2200193Ia 4500 | ||
|---|---|---|---|
| 005 | 20240823031933.0 | ||
| 008 | 240823s9999||||xx |||||||||||||| ||und|| | ||
| 020 | _a978-0-07-070239-4 | ||
| 041 | _aENGLISH | ||
| 082 | _A621.317 Q1 | ||
| 100 | _aJoseph Vithayathil | ||
| 245 | 0 | _aPower Electronics Principles and Applications | |
| 250 | _a1st | ||
| 260 |
_c2011 _b"Tata McGraw-Hill Publishing Company Ltd,New " |
||
| 500 | _aYES | ||
| 650 |
_aPower Electronics _bElectrical |
||
| 942 | _cBK | ||
| 999 |
_c192253 _d192253 |
||